Catalog

Record Details

Catalog Search



Die Religiöse Welt psychisch Kranker : Ein Beitrag zur Krankenseelsorge  Cover Image Book Book

Die Religiöse Welt psychisch Kranker : Ein Beitrag zur Krankenseelsorge / Ursula Maymann

Maymann, Ursula (Author).

Record details

  • ISBN: 3-451-20230-1
  • Physical Description: 340 s.
  • Edition: <<1. >>Aufl.
  • Publisher: Freiburg im Breisgau : Herder, 1984

Available copies

  • 0 of 1 copy available at Common Catalog SPOK.

Holds

  • 0 current holds with 1 total copy.
Show All Copies
Location Call Number / Copy Notes Barcode Shelving Location Status Due Date

LDR 00650nam a2200241 a 4500
00116198
003CZ-PrJAB
00520200321082232.0
008031218s1984 gw f ger
020 . ‡a3-451-20230-1
035 . ‡a(CONS)16198
035 . ‡a(CZ PrSKC)kpw30986
040 . ‡aABE454 ‡bcze
080 . ‡a253
1001 . ‡aMaymann, Ursula
24514. ‡aDie Religiöse Welt psychisch Kranker : ‡bEin Beitrag zur Krankenseelsorge / ‡cUrsula Maymann
250 . ‡a<<1. >>Aufl.
260 . ‡aFreiburg im Breisgau : ‡bHerder, ‡c1984
300 . ‡a340 s.
6530 . ‡apastorace
653 . ‡apsychicky nemocní
653 . ‡apsychicky nemocní a religiozita
653 . ‡apsychiatrie
653 . ‡aduchovní péče
910 . ‡aABG312
964 . ‡apastorace
964 . ‡anemocní
995 . ‡aska
901 . ‡a16198 ‡bCZ-PrJAB ‡c16198 ‡tbiblio

Additional Resources